000 00624nam a22002297a 4500
001 94610
003 UA-OsUOA
005 20200925162407.0
007 ta
008 20130214b un ||||| |||| 00| 0 ukr d
040 _aUA-OsUOA
_brus
_cUA-OsUOA
_dUA-OsUOA
041 _arus
080 _a821.161.1
090 _a821.161.1
_bД70
100 _aДостоевский Ф.
245 _aПовести и рассказы
_bв двух томах
_n2
260 _aМ.
_bГИХЛ
_c1956
300 _a686 с.
650 7 _a82 Література. Літературознавство
_2UDC
942 _cBK
_2udc
955 _a3
999 _c380857
_d380857